000 00853nam a22002057a 4500
003 OSt
005 20250923095122.0
008 240301b ||||| |||| 00| 0 eng d
040 _c0
082 _aDPer 621.317 Ie21 June 2022 v. 37 n. 6
100 _aWu, Xiqi.
_eauthor.
_953904
245 _aModified LLC resonant converter with LC antiresonant circuit in parallel branch for wide voltage range application /
_cXiqi Wu, Rui Li, and Xu Cai.
260 _aNew York ;
_bThe Institute of Electrical and Electronics Engineers, Inc. ,
_cJune 2022.
300 _aVolume 37, pages 7387-7399 :
_billustration ;
_c29 cm.
500 _aIEEE Transactions on Power Electronics, vol. 37, no. 6, pages 7387-7399, June 2022.
700 _aWu, Xiqi.
_eauthor.
_953904
700 _aLi, Rui.
_eauthor.
_953905
700 _aCai, Xu.
_eauthor.
_953906
942 _2ddc
_cPER
999 _c19501
_d19501